Movies Quiz

Random Movies or Box Office Quiz

Franchises With Multiple Billion Dollar Movies Quiz Stats

Quiz Updated Aug 13, 2016

Challenge
Share
Tweet
Embed
Score 0/8 Timer 02:00
0 Plays Today
Years Franchise % Correct
· 1999
· 2015
· 2016
· 2017
Star Wars
84.6%
· 2012
· 2015
· 2018
The Avengers
68.1%
· 2008
· 2012
Batman
58.6%
· 2003
· 2012
The Lord of the Rings
54.7%
· 1993
· 2015
Jurassic Park
46.7%
· 2015
· 2017
The Fast and the Furious
34.9%
· 2011
· 2014
Transformers
30%
· 2006
· 2011
Pirates of the Caribbean
26.1%

You're not logged in!

Compare scores with friends on all Sporcle quizzes.
Join for Free
OR
Log In

You Might Also Like...

Show Comments

Extras

Top Quizzes Today


Score Distribution

Your Account Isn't Verified!

In order to create a playlist on Sporcle, you need to verify the email address you used during registration. Go to your Sporcle Settings to finish the process.

Report this User

Report this user for behavior that violates our Community Guidelines.

Details: